CORROSION TECHNOLOGY (Record no. 584782)
[ view plain ]
| 000 -LEADER | |
|---|---|
| fixed length control field | 00314nam a22001217a 4500 |
| 082 ## - DEWEY DECIMAL CLASSIFICATION NUMBER | |
| Classification number | 621.11223 KHA |
| 100 ## - MAIN ENTRY--PERSONAL NAME | |
| Personal name | KHAN, IJAZ HUSSAIN.PROF |
| 9 (RLIN) | 79789 |
| 245 ## - TITLE STATEMENT | |
| Title | CORROSION TECHNOLOGY |
| 260 ## - PUBLICATION, DISTRIBUTION, ETC. | |
| Place of publication, distribution, etc. | LAHORE |
| Name of publisher, distributor, etc. | UNIVERSITY OF THE PUNJAB |
| Date of publication, distribution, etc. | 1989 |
| 300 ## - PHYSICAL DESCRIPTION | |
| Extent | XIX,561P |
| 650 ## - SUBJECT ADDED ENTRY--TOPICAL TERM | |
| Topical term or geographic name entry element | CORROSION TECHNOLOGY |
| 9 (RLIN) | 79790 |
| 942 ## - ADDED ENTRY ELEMENTS (KOHA) | |
| Koha item type | Book |
| Withdrawn status | Lost status | Damaged status | Not for loan | Permanent Location | Current Location | Shelving location | Date acquired | Total Checkouts | Full call number | Barcode | Date last seen | Price effective from | Koha item type |
|---|---|---|---|---|---|---|---|---|---|---|---|---|---|
| College of Electrical & Mechanical Engineering (CEME) | College of Electrical & Mechanical Engineering (CEME) | General Stacks | 07/05/2017 | 621.11223 KHA | CEME-23355 | 06/28/2021 | 06/28/2021 | Book |
